000 00874nam a22002537a 4500
001 3716
003 FISKH
005 20240424105006.0
008 240424b cb ||||| |||| 00| 0 eng d
040 _aFISK
_beng
_cFISK
_dFISK
050 _aPZ7.N17467
082 _a813.6
100 _aNation Kaleb
_d1988-
245 _aBran hambric /
_cKaleb Nation
260 _aNew York :
_bScholastic,
_c2010
300 _a430 pages :
_c20 cm
490 _aThe farfield curse
505 _aM
520 _aVery strange occurrences have long surrounded fourteen-year-old Bran, who learns of his link to a curse created by his murdered mother and strives to make things right, hindered by the ban on magic in the city of Dunce and pursued by his mother's former masters.
521 8 _a810
_bLexile
700 _aKaleb Nation
942 _2lcc
_cBK
_n0
999 _c3716
_d3716